| 000 | 01537nam a2200397 i 4500 | ||
|---|---|---|---|
| 001 | 195848 | ||
| 003 | SpMaBN | ||
| 005 | 20250406000927.0 | ||
| 008 | 240721s2022 sp a | |||| 001 0 spa | ||
| 015 | _aMON22 | ||
| 017 |
_aCC 135-2022 _bOficina Depósito Legal Cáceres |
||
| 020 | _a9788409423156 | ||
| 035 | _aa7177288 | ||
| 040 |
_aSpMaBN _bspa _cSpMaBN _erda |
||
| 080 | _a61 Ibáñez Hernando, Salvador | ||
| 080 | _a615.15 | ||
| 100 |
_aMartorell, Paco _9237599 |
||
| 245 | 1 | 3 |
_aUn milagro llamado Ibáñez / _cPaco Martorell. |
| 264 | 1 |
_a[Cáceres] : _b[F. Martorell], _c2022 |
|
| 264 | 3 |
_a[Cáceres] : _bGráficas Color Extremadura S.L., _c[2022] |
|
| 264 | 4 | _c©2022 | |
| 300 |
_a395 páginas : _bilustraciones (blanco y negro) ; _c21 cm |
||
| 336 |
_aTexto _2rdacontent |
||
| 337 |
_asin mediación _2rdamedia |
||
| 338 |
_avolumen _2rdacarrier |
||
| 500 | _a"Todo lo que la profesión debería saber sobre la mayor movilización de la historia de la farmacia española"--Cubierta | ||
| 500 | _aÍndices | ||
| 600 | 0 |
_aIbáñez Hernando, Salvador, _d1941-2001 _9237600 |
|
| 650 | 4 |
_aFarmacéuticos- _912716 _zEspaña |
|
| 852 |
_aES-MaACL _bR.153584 _cDEPOJ _jN-8863 _gDedicatoria autógrafa por el autor _hDonación: Paco Martorell _xEncuadernación: rustica |
||
| 903 |
_9237599 _aMartorell, Paco _ednr |
||
| 942 |
_2udc _cMONOGRAFIA _n0 |
||
| 954 | _iTatiana Alejandra de Castro Pérez | ||
| 999 |
_c195848 _d195848 |
||